| 000 | 02541cam a22002294a 4500 | ||
|---|---|---|---|
| 005 | 20250605163944.0 | ||
| 008 | 250528s ||||||||||||||||||||||||d | ||
| 035 | _a15135 | ||
| 020 | _a155209183 | ||
| 040 |
_aGR-AtMCL _bgre _dGR-AtMCL _eAACR2 |
||
| 245 | 1 | _aEffective Small Business Management / Third Edition | |
| 250 | _a3rd | ||
| 260 |
_bHarcourt Brace Jovanovich, Publishers, _c1989 |
||
| 300 | _a592 | ||
| 505 | 0 | _aPreface, What is Small Business?, The Nature of Small Business, Failure and Success, The Successful Enterpreneur, Getting Into Small Business, Developing a Business Plan, Buying an Ongoing Small Business, Operating a Francise, Statrting a New Small Business, Start-Up Problems, Sources of Start-Up Capital, Determining Location and Layout, Selecting the Legal Form for an Organization, Managing Operations, Planning and Organizing, Staffing and Directing, Monitoring Performance, Marketing Goods and Services, Understanding the Market, Pricing and Advertising and Selling, Customer Credit, Finances and Inventory Control, Financial Statements and Record Keeping, Financial Analysis and Budgeting, Purchasing and Inventory Control, Current Issues in Small Business, Crime and Small Business, Computers in Small Business, Insurance Needs of Small Business, Legal Concerns of Small Business, Government Assistance to Small Business, Appendix: A Complete Business Plan, Glossary, Index. | |
| 520 | _aPreface, What is Small Business?, The Nature of Small Business, Failure and Success, The Successful Enterpreneur, Getting Into Small Business, Developing a Business Plan, Buying an Ongoing Small Business, Operating a Francise, Statrting a New Small Business, Start-Up Problems, Sources of Start-Up Capital, Determining Location and Layout, Selecting the Legal Form for an Organization, Managing Operations, Planning and Organizing, Staffing and Directing, Monitoring Performance, Marketing Goods and Services, Understanding the Market, Pricing and Advertising and Selling, Customer Credit, Finances and Inventory Control, Financial Statements and Record Keeping, Financial Analysis and Budgeting, Purchasing and Inventory Control, Current Issues in Small Business, Crime and Small Business, Computers in Small Business, Insurance Needs of Small Business, Legal Concerns of Small Business, Government Assistance to Small Business, Appendix: A Complete Business Plan, Glossary, Index. | ||
| 700 | 1 |
_aHodgetts Richard M _9970 |
|
| 700 | 1 |
_aKuratko F. Donald _9989 |
|
| 942 | _cBK | ||
| 999 |
_c729 _d729 |
||